| 000 | 01440nam a2200277 u 4500 | ||
|---|---|---|---|
| 001 | 000607609 | ||
| 003 | AM-YEHGA | ||
| 005 | 20250811114212.0 | ||
| 008 | 080808s1969 ai a | |||| |0| | arm d | ||
| 040 | _aAM-YEHGA | ||
| 041 | 1 |
_aarm _hrus _hfre |
|
| 245 | 0 | 0 |
_aՀայկական մանրանկարչություն = _bАрмянская миниатюра = Miniatures Arméniennes / _cԽմբ. և առաջաբ.՝ Ռ.Գ. Դրամբյան; Ծանոթագր.՝ Լ.Ա. Դուռնովո; Մ.Մաշտոցի անվ. հին ձեռագրերի ին-տ - Մատենադարան; ՀՍՍՀ պետ. պատկերասրահ. |
| 246 | 1 | 5 | _aАрмянская миниатюра |
| 246 | 1 | 5 | _aMiniatures Arméniennes |
| 260 |
_aԵրևան : _bՀայաստան, _c1969. |
||
| 300 |
_a234 էջ : _bգունանկ. ; _c32 սմ. |
||
| 500 | _aՏողատակի ծանոթագր. | ||
| 546 | _aՏեքստը հայ., ռուս., ֆրանս. լեզուներով | ||
| 650 | 1 | 4 |
_aՄանրանկարչություն _zՀայաստան |
| 653 | 0 | _aՀայ մանրանկարիչներ | |
| 700 | 1 |
_aԴրամբյան, Ռուբեն Գրիգորի, _d1851-1991 _eխմբ. _4edt _eառաջաբ. _4aui _93308 |
|
| 700 | 1 |
_aԴուռնովո, Լ.Ա. _eծանոթագր. _4cmm |
|
| 710 | 2 |
_aՄատենադարան Մաշտոցի անվան հին ձեռագրերի ինստիտուտ _95865 |
|
| 710 | 2 | _aՀՍՍՀ պետական պատկերասրահ | |
| 942 |
_cBK _2udc |
||
| 999 |
_c531545 _d531545 |
||